| 000 | 00713nam a22002057a 4500 | ||
|---|---|---|---|
| 008 | 250829b |||||||| |||| 00| 0 eng d | ||
| 020 | _a9780415675802 | ||
| 040 |
_aCUZ _beng _crda _dCUZ _erda |
||
| 050 | _aGV605.S7SPO | ||
| 245 |
_aSport Development: _bPolicy ,process and practice _cedited by Kevin Hylton |
||
| 264 |
_aAbingdom _bRoutledge _c©2013 |
||
| 300 | _aextent xx,365pages | ||
| 336 |
_atext _btxt |
||
| 337 |
_aunmediated _bn |
||
| 338 | _2rdacarrier | ||
| 500 | _aincludes reference and index | ||
| 650 |
_a Business Aspects _a Geography, Anthropology and Recreation _a Recreation. Leisure |
||
| 942 |
_cOS _i605.S7SPO _kGV |
||
| 999 |
_c45356 _d45356 |
||